MDQL
is popping MORE tags! Check the
thread
!
Quizzes
Events
Quiz Creation
Community
Videos
Private Events
Remove Ads
Sign In
Join for FREE
Feedback
Dark Mode
Quiz Categories
Sports
Geography
Music
Movies
Television
Just For Fun
Miscellaneous
History
Literature
Language
Science
Gaming
Entertainment
Religion
Holiday
For Kids
Quiz Lab
Recent
Popular Today
Quiz Kudos Today
Editor Picks
Curator Picks
Quizzes by...
Day
Popularity
Type
Ratings
Length
Year
Community
Subscriptions
Recent Discussions
Orange Saloon
Badges
Playlists
Quests
Create
Leaderboards
Showdown
Live 5
Trivia Bingo
Activity
Puzzle Library
Sporcle Events
Private Events
Virtual Trivia
Globe League
Become a Host
Pub Owners
SporcleCon
Opinionation
Our Games
Videos
Blog
Mobile Apps
Partnerships
Remove Ads and Go Orange
Feedback
Geography
Country
Landmarks
City
State
Population
World
Capital
Continent
Flags
Europe
Africa
Asia
South America
North America
Oceania
Border
Canada
United Kingdom
Topography
United States
Geography
Country
Landmarks
City
State
Population
World
Capital
Continent
Flags
Europe
Africa
Asia
South America
North America
Oceania
Border
Canada
United Kingdom
Topography
United States
Random Quiz
Search Sporcle
×
Quiz Lab
Quiz Lab
Geography
Country
Type in answers that appear in a list
Type in answers that appear in a list
Classic
Best Score? Go Orange.
Gay marriage countries Stats
Can you name the countries where same-sex marriage is recognized by law?
By
SwedishViking
4m
25 Questions
260 Plays
260 Plays
260 Plays
Comments
Comments
Give Quiz Kudos
Give Quiz Kudos
-
- Ratings
hide this ad
Replay
Link that replays current quiz
Next Quiz
Link to next quiz in quiz playlist
You Got
0%
They Got
Avg Score
77%
Avg Friend Score
Upgrade to see
Score Distribution
Jump to the score distribution portion of the page
Score
0/25
Timer
04:00
0
Plays Today
Date of recognition
Country
% Correct
June 26, 2015
United States
97.7%
March 13, 2014
United Kingdom
93.2%
May 1, 2009
Sweden
93%
July 20, 2005
Canada
90.3%
January 1, 2009
Norway
88.4%
May 18, 2013
France
88.4%
July 3, 2005
Spain
88%
April 1, 2001
Netherlands
86.8%
March 1, 2017
Finland
86.4%
October 1, 2017
Germany
86.1%
December 9, 2017
Australia
86.1%
June 15, 2012
Denmark
84.9%
June 1, 2003
Belgium
84.1%
Date of recognition
Country
% Correct
June 5, 2010
Portugal
82.6%
August 19, 2013
New Zealand
82.6%
November 16, 2015
Ireland
82.6%
May 16, 2013
Brazil
82.2%
August 5, 2010
Mexico
78.7%
June 27, 2010
Iceland
77.1%
July 22, 2010
Argentina
76.7%
January 1, 2015
Luxembourg
74%
April 28, 2016
Colombia
59.3%
August 5, 2013
Uruguay
57.8%
November 30, 2006
South Africa
57.4%
May 24, 2017
Taiwan
40.7%
Quiz Playlist
Details
Report
Send in Message
Add To Playlist
Classic:
Type in answers that appear in a list
Quiz Source
Last Updated: May 26, 2017
Quiz Scoreboard
CHALLENGE
Sign Up to Join the Scoreboard
Show All
Scores
Hide
Comments
May contain spoilers
Recently Published
Street Fighter Characters
by Artimus82
Gaming
60s
9x9 Crossword: Cartoon Network
by jackfrog10
Miscellaneous
3m
College Basketball Coaching Resumes
by pancakes188
Sports
9m
More to Explore
Quiz From the Vault
Featured Blog Post
Where Did the Easter Bunny Come From?
hide this ad
You Might Also Like...
Tags
Country Quiz
date
Gay
Law
marriage
recognition
Recognized
Same-Sex
Today's Top Quizzes in Geography
Browse Geography
hide this ad
Today's Top Quizzes in Country
Browse Country
Top Contributed Quizzes in Geography
1
Countries of the World - No Outlines Minefield
2
Top 25 Cities of France on a map
3
Any capital of a 'B' country per Continent
4
Any capital of a 'C' country per Continent
5
Closest Countries to UK A-Z
6
Any capital of a 'D' country per Continent
7
5-to-1: US Geography No Hints
8
Any capital of an 'E' country per Continent
9
Find the US States - No Outlines
10
Any capital of an 'F' country per Continent
Explore More
Trending Topics
Anime
Marvel
Harry Potter
Disney
NBA
Kpop
Crossword
Puzzle
WWE
NFL
Song
Pokémon
Country
The Office
Soccer
hide this ad
More By:
SwedishViking
Quiz
Plays
Rating
Category
Featured
Created
US States with Gray Wolves
33,040
4.57
Geography
Mar 16, 2015
Countries with the biggest breasts
2,225
4.36
Geography
Jan 10, 2015
Gay Marriage in Europe (Minefield)
1,906
3.79
Geography
Oct 17, 2015
100 Least Corrupt Countries (Minefield)
1,448
4.43
Geography
Oct 18, 2015
Countries with Snow - Clickable Minefield
1,321
4.79
Geography
Jul 4, 2015
Go to Creator's Profile
Score Distribution
Quiz Creator Spotlight
SwedishViking
Follow
Send a Message
Quizzes Created
-
Created Quiz Play Count
-
More By This Creator
Popular Quizzes Today
1
Find the US States - No Outlines Minefield
2
Find the Countries of Europe - No Outlines Minefield
3
The Countries of the World
4
Find the US States
5
Risky Map Clicking: Biggest States A-Z
6
US States
7
Popular People in 1961
8
Movies - When Are They Set?
More Geography Quizzes
World Cuisine 3: Georgia
Quiz Lab
Trending Quizzes
Risky Map Clicking: Least Populous States A-Z
1-10 Letter G Words
Risky Map Clicking: Next State Alphabetically
Adjectives in 80s TV Shows
The Seven Year Switch: Catherine
Recently Updated
Leaping Animals
pecheneg
Reality TV Shows (A-Z)
bhenderson79
Rickey Henderson's Hall of Fame Teammates
pecheneg
Champions League XIs: Arsenal
pecheneg
Quick Pick: Celebrities in WWE's Hall of Fame
aduchscher
A-Z Keypad Blitz II
pecheneg
Multiple Oscar Actors
pecheneg
Mystery Phrase Blitz: Oscar 'Best Actors'
pecheneg
F. Scott Fitzgerald Novels
LTH
Pick 3 Villains
ddd62291
Trending Topics
Harry Potter
Anime
Kpop
Disney
Marvel
Crossword
NBA
WWE
NFL
Pokémon
Song
Puzzle
The Office
Country
Soccer
Your Account Isn't Verified!
In order to create a playlist on Sporcle, you need to verify the email address you used during registration. Go to your
Sporcle Settings
to finish the process.
Report this User
Report this user for behavior that violates our
Community Guidelines
.
Details:
Send Report
Go to the Sporcle.com Mobile Site →
Comments